U.S. Classic Medalists Since 2006 (Seniors) - Statistics

General Stats
  • This quiz has been taken 78 times
    40 since last reset
  • The average score is 134 of 255
Answer Stats
Year Placing Event Gymnast % Correct
2014 1st All Around Simone Biles
100%
2014 1st Vault Simone Biles
100%
2014 1st Beam Simone Biles
100%
2014 1st Floor Simone Biles
100%
2015 1st All Around Simone Biles
100%
2015 1st Vault Simone Biles
100%
2015 1st Beam Simone Biles
100%
2015 1st Floor Simone Biles
100%
2016 1st Beam Simone Biles
100%
2018 1st All Around Simone Biles
100%
2018 1st Beam Simone Biles
100%
2018 1st Floor Simone Biles
100%
2019 1st All Around Simone Biles
100%
2019 3rd Beam Simone Biles
100%
2019 1st Floor Simone Biles
100%
2021 1st All Around Simone Biles
100%
2021 1st Beam Simone Biles
100%
2021 1st Floor Simone Biles
100%
2023 1st All Around Simone Biles
100%
2023 3rd Bars Simone Biles
100%
2023 1st Beam Simone Biles
100%
2023 1st Floor Simone Biles
100%
2019 2nd Bars Sunisa Lee
94%
2023 2nd Beam Sunisa Lee
94%
2011 2nd Bars Gabby Douglas
90%
2012 1st Bars Gabby Douglas
90%
2012 3rd Floor Gabby Douglas
90%
2015 2nd All Around Gabby Douglas
90%
2015 2nd Bars Gabby Douglas
90%
2015 3rd Beam Gabby Douglas
90%
2015 2nd Floor Gabby Douglas
90%
2016 3rd Bars Gabby Douglas
90%
2018 2nd Vault Jordan Chiles
90%
2021 2nd All Around Jordan Chiles
90%
2021 2nd Bars Jordan Chiles
90%
2021 2nd Floor Jordan Chiles
90%
2011 1st All Around Aly Raisman
87%
2011 1st Vault Aly Raisman
87%
2011 3rd Beam Aly Raisman
87%
2011 1st Floor Aly Raisman
87%
2012 1st All Around Aly Raisman
87%
2012 2nd Vault Aly Raisman
87%
2012 1st Beam Aly Raisman
87%
2012 1st Floor Aly Raisman
87%
2015 2nd Beam Aly Raisman
87%
2016 1st All Around Aly Raisman
87%
2016 1st Vault Aly Raisman
87%
2016 3rd Beam Aly Raisman
87%
2016 1st Floor Aly Raisman
87%
2006 1st Beam Nastia Liukin
84%
2009 2nd Beam Nastia Liukin
84%
2012 3rd Beam Nastia Liukin
84%
2012 1st Vault McKayla Maroney
81%
2013 1st Vault McKayla Maroney
81%
2013 3rd Floor McKayla Maroney
81%
2017 1st Bars Ragan Smith
81%
2017 1st Beam Ragan Smith
81%
2018 3rd Beam Ragan Smith
81%
2017 1st Vault Jade Carey
77%
2017 1st Floor Jade Carey
77%
2018 1st Vault Jade Carey
77%
2018 2nd Floor Jade Carey
77%
2019 1st Vault Jade Carey
77%
2019 2nd Floor Jade Carey
77%
2021 3rd All Around Kayla DiCello
77%
2021 1st Bars Kayla DiCello
77%
2021 3rd Floor Kayla DiCello
77%
2021 2nd Beam Leanne Wong
77%
2022 1st All Around Leanne Wong
77%
2022 1st Vault Leanne Wong
77%
2022 1st Beam Leanne Wong
77%
2022 3rd Floor Leanne Wong
77%
2023 2nd All Around Leanne Wong
77%
2023 2nd Vault Leanne Wong
77%
2019 3rd Vault Shilese Jones
77%
2022 2nd All Around Shilese Jones
77%
2022 1st Bars Shilese Jones
77%
2022 2nd Floor Shilese Jones
77%
2011 1st Bars Jordyn Wieber
71%
2011 1st Beam Jordyn Wieber
71%
2012 1st Beam Jordyn Wieber
71%
2012 2nd All Around Kyla Ross
71%
2012 2nd Bars Kyla Ross
71%
2013 1st All Around Kyla Ross
71%
2013 1st Bars Kyla Ross
71%
2013 2nd Beam Kyla Ross
71%
2014 2nd All Around Kyla Ross
71%
2014 1st Vault Kyla Ross
71%
2014 3rd Bars Kyla Ross
71%
2014 1st Beam Kyla Ross
71%
2014 2nd Floor Kyla Ross
71%
2013 2nd Bars Madison Kocian
68%
2014 2nd Bars Madison Kocian
68%
2015 1st Bars Madison Kocian
68%
2016 2nd Bars Madison Kocian
68%
2013 2nd Vault Mykayla Skinner
68%
2014 3rd Vault Mykayla Skinner
68%
2015 2nd Vault Mykayla Skinner
68%
2016 2nd Vault Mykayla Skinner
68%
2021 1st Vault Mykayla Skinner
68%
2006 3rd All Around Alicia Sacramone
61%
2006 1st Vault Alicia Sacramone
61%
2006 2nd Beam Alicia Sacramone
61%
2006 1st Floor Alicia Sacramone
61%
2007 1st Vault Alicia Sacramone
61%
2007 1st Beam Alicia Sacramone
61%
2007 1st Floor Alicia Sacramone
61%
2010 1st Vault Alicia Sacramone
61%
2010 1st Beam Alicia Sacramone
61%
2011 1st Vault Alicia Sacramone
61%
2011 1st Beam Alicia Sacramone
61%
2011 3rd Floor Alicia Sacramone
61%
2014 1st Bars Ashton Locklear
61%
2016 1st Bars Ashton Locklear
61%
2017 2nd Floor Morgan Hurd
61%
2018 3rd All Around Morgan Hurd
61%
2018 3rd Bars Morgan Hurd
61%
2018 3rd Floor Morgan Hurd
61%
2019 1st Bars Morgan Hurd
61%
2019 3rd All Around Grace McCallum
58%
2019 3rd Bars Grace McCallum
58%
2019 2nd Floor Grace McCallum
58%
2014 3rd All Around Maggie Nichols
58%
2014 3rd Floor Maggie Nichols
58%
2015 3rd All Around Maggie Nichols
58%
2015 3rd Floor Maggie Nichols
58%
2018 2nd All Around Riley McCusker
58%
2018 1st Bars Riley McCusker
58%
2018 2nd Beam Riley McCusker
58%
2019 2nd All Around Riley McCusker
58%
2019 3rd Bars Riley McCusker
58%
2019 2nd Beam Riley McCusker
58%
2013 3rd All Around Brenna Dowell
52%
2011 2nd All Around Chellsie Memmel
52%
2022 2nd Vault Joscelyn Roberson
52%
2023 3rd All Around Joscelyn Roberson
52%
2023 1st Vault Joscelyn Roberson
52%
2023 3rd Beam Joscelyn Roberson
52%
2023 2nd Floor Joscelyn Roberson
52%
2010 1st Bars Rebecca Bross
52%
2012 3rd Bars Rebecca Bross
52%
2021 3rd Bars Skye Blakely
52%
2023 3rd Vault Skye Blakely
52%
2023 2nd Bars Skye Blakely
52%
2023 3rd Beam Skye Blakely
52%
2017 3rd Bars Trinity Thomas
52%
2017 3rd Beam Trinity Thomas
52%
2007 1st All Around Bridget Sloan
48%
2007 3rd Vault Bridget Sloan
48%
2007 3rd Bars Bridget Sloan
48%
2007 3rd Beam Bridget Sloan
48%
2007 3rd Floor Bridget Sloan
48%
2010 2nd Beam Bridget Sloan
48%
2019 1st Beam Kara Eaker
48%
2021 3rd Beam Kara Eaker
48%
2009 2nd Vault Sam Peszek
48%
2009 1st Vault Kayla Williams
45%
2009 1st Floor Kayla Williams
45%
2010 1st All Around Mattie Larson
45%
2010 2nd Floor Mattie Larson
45%
2013 1st Floor Lexie Priessman
39%
2016 3rd All Around Alyssa Baumann
35%
2016 2nd Beam Alyssa Baumann
35%
2016 2nd Floor Alyssa Baumann
35%
2006 1st All Around Ashley Priess
35%
2006 3rd Bars Ashley Priess
35%
2006 3rd Beam Ashley Priess
35%
2006 2nd Floor Ashley Priess
35%
2009 2nd All Around Ivana Hong
35%
2009 3rd Vault Ivana Hong
35%
2009 1st Beam Ivana Hong
35%
2011 3rd Bars Bridgette Caquatto
32%
2012 2nd Vault Elizabeth Price
32%
2008 1st Vault Mackenzie Caquatto
32%
2008 3rd Bars Mackenzie Caquatto
32%
2010 3rd All Around Mackenzie Caquatto
32%
2010 2nd Vault Mackenzie Caquatto
32%
2010 2nd Bars Mackenzie Caquatto
32%
2019 2nd Vault Aleah Finnegan
29%
2006 2nd Bars Jana Bieger
29%
2007 2nd Vault Jana Bieger
29%
2007 2nd Bars Jana Bieger
29%
2011 3rd All Around Sabrina Vega
29%
2011 2nd Floor Sabrina Vega
29%
2012 3rd Floor Sabrina Vega
29%
2012 3rd Beam Sarah Finnegan
29%
2012 2nd Floor Sarah Finnegan
29%
2007 2nd Beam Shayla Worley
29%
2015 3rd Bars Bailie Key
26%
2015 3rd Floor Bailie Key
26%
2023 2nd Floor Kaliya Lincoln
26%
2010 3rd Vault Kytra Hunter
26%
2010 3rd Beam Kytra Hunter
26%
2010 1st Floor Kytra Hunter
26%
2023 1st Bars Zoe Miller
26%
2017 1st All Around Alyona Schchennikova
23%
2017 2nd Bars Alyona Shchennikova
23%
2018 2nd Bars Alyona Shchennikova
23%
2009 3rd All Around Kaitlyn Clark
19%
2009 3rd Beam Kaitlyn Clark
19%
2012 3rd All Around Kennedy Baker
19%
2013 3rd Beam Kennedy Baker
19%
2022 2nd Bars Nola Matthews
19%
2009 3rd Bars Rebecca Clark
19%
2010 2nd All Around Amanda Jetter
16%
2016 3rd Vault Amelia Hundley
16%
2014 3rd Beam Rachel Gowey
16%
2016 2nd All Around Rachel Gowey
16%
2017 2nd All Around Abby Paulson
13%
2009 1st Bars Cassandra Whitcomb
13%
2009 2nd Floor Cassandra Whitcomb
13%
2010 3rd Bars Cassandra Whitcomb
13%
2010 3rd Floor Cassandra Whitcomb
13%
2022 3rd Bars Charlotte Booth
13%
2007 3rd All Around Darlene Hill
13%
2006 1st All Around Natasha Kelley
13%
2006 2nd Vault Natasha Kelley
13%
2006 1st Bars Natasha Kelley
13%
2009 1st All Around Olivia Courtney
13%
2009 2nd Bars Olivia Courtney
13%
2009 2nd Floor Olivia Courtney
13%
2013 3rd Bars Abigail Milliet
10%
2016 3rd Floor Christina Desiderio
10%
2008 2nd All Around Corrie Lothrop
10%
2008 2nd Vault Corrie Lothrop
10%
2008 2nd Bars Corrie Lothrop
10%
2008 2nd Floor Corrie Lothrop
10%
2011 3rd Vault Jessie DeZiel
10%
2022 3rd All Around Katelyn Rosen
10%
2022 1st Floor Katelyn Rosen
10%
2017 3rd All Around Luisa Blanco
10%
2017 2nd Beam Luisa Blanco
10%
2008 3rd All Around Randy Stageberg
10%
2008 1st Floor Randy Stageberg
10%
2022 3rd Beam Brooke Pierson
6%
2017 3rd Floor Emily Gaskins
6%
2017 3rd All Around Kalyany Steele
6%
2007 3rd Floor Katelyn Mohr
6%
2022 2nd Beam Marissa Neal
6%
2006 3rd Vault Morgan Evans
6%
2008 1st All Around Ashley Stott
3%
2008 1st Beam Ashley Stott
3%
2008 3rd Floor Ashley Stott
3%
2008 3rd Vault Britney Ranzy
3%
2007 2nd All Around Christa Tanella
3%
2007 1st Bars Christa Tanella
3%
2007 2nd Floor Christa Tanella
3%
2008 1st Bars Christa Tanella
3%
2008 3rd Beam Christa Tanella
3%
2013 3rd Beam Erin Macadaeg
3%
2006 2nd Floor Kayla Hoffman
3%
2013 2nd All Around Peyton Ernst
3%
2013 1st Beam Peyton Ernst
3%
2013 2nd Floor Peyton Ernst
3%
2008 2nd Beam Sarah Persinger
3%
No matching quizzes found
Score Distribution
Percent of People with Each Score
Percentile by Number Answered
Your Score History
You have not taken this quiz since the last reset